000 00766nam a2200229 a 4500
001 48663
003 BD-RjUL
005 20211209054549.0
008 160816s1986 BG ||||| |||| 00| 0 ben d
020 _c:TK. 20.00
035 _a(BD-RjUL)48782
040 _aBD-RjUL
_bben
_cBD-RjUL
041 _aben
082 _223
_a891.441
_bSIM 1986
100 1 _aসিদ্দিক, আবু বকর
_9146439
245 1 0 _aমানুষ তোমার বিক্ষত দিন /
_cআবু বকর সিদ্দিক
260 _aঢাকা :
_bধানশীষ,
_c১৯৮৬
300 _a৬৪ পৃ ;
_c২১ সেমি.
650 _aবাংলা কবিতা
_9146440
650 _aBengali Poetry
_9146441
942 _2ddc
_cBK
999 _c48663
_d48663